Odbytová stratégia praktikum

Guardado en:
Detalles Bibliográficos
Autor principal: Grančičová, Katarína, 1967-
Autor Corporativo: Ekonomická univerzita v Bratislave. Fakulta podnikového manažmentu
Otros Autores: Tršťanská, Alena, Záleský, Ivan, 1979-, Hrušovská, Dana, 1964-
Formato: Libro
Lenguaje:eslovaco
Publicado: Bratislava Vydavateľstvo EKONÓM 2008
Materias:
Etiquetas: Agregar Etiqueta
Sin Etiquetas, Sea el primero en etiquetar este registro!

MARC

LEADER 00000nam$a2200000$$$4500
001 0072255
005 20240502071845.3
020 |a 978-80-225-2484-1 
041 0 |a slo 
044 |a SK 
245 1 0 |a Odbytová stratégia  |b praktikum  |c Katarína Grančičová a kolektív 
264 1 |a Bratislava  |b Vydavateľstvo EKONÓM  |c 2008 
300 |a 168 s. 
610 2 0 |a hospodárstvo odbytové 
610 2 0 |a stratégia podniková 
610 2 0 |a odbyt 
610 2 0 |a marketing 
610 2 0 |a zákazníci 
610 2 0 |a trh spotrebiteľský 
610 2 0 |a správanie spotrebiteľa 
610 2 0 |a komunikácia marketingová 
610 2 0 |a rozhodovanie 
610 2 0 |a konkurencia 
610 2 0 |a distribúcia 
610 2 0 |a stratégia distribučná 
100 1 |a Grančičová, Katarína, 1967- 
700 1 |a Tršťanská, Alena 
700 1 |a Záleský, Ivan, 1979- 
700 1 |a Hrušovská, Dana, 1964- 
710 2 |a Ekonomická univerzita v Bratislave. Fakulta podnikového manažmentu